[Event "Lindores Abbey Tal Blitz 2021"]
[Site "Riga"]
[Date "2021.11.08"]
[Round "7.37"]
[White "Ganguly, Surya Shekhar"]
[Black "Kuybokarov, Temur"]
[Result "1-0"]
[WhiteElo "2633"]
[BlackElo "2549"]
[Annotator "ChessBase"]
[PlyCount "75"]
[EventDate "2021.11.02"]
[EventType "swiss"]
[EventCountry "LAT"]
[SourceTitle "playchess.com"]
[Source "ChessBase"]
[SourceQuality "1"]

1. e4 e5 2. Nf3 Nc6 3. Bc4 Bc5 4. c3 Nf6 5. d3 d6 6. a4 a6 7. O-O h6 8. Re1 O-O
9. h3 Be6 10. Bxe6 fxe6 11. b4 Ba7 12. Be3 Bxe3 13. Rxe3 Ne7 14. Nbd2 Qe8 15.
Qb3 Qf7 16. a5 Ng6 17. g3 Kh7 18. d4 exd4 19. cxd4 d5 20. Qc2 dxe4 21. Nxe4 Kh8
22. Neg5 hxg5 23. Nxg5 Qe8 24. Rxe6 Ne7 25. Rxf6 Qh5 26. Rxf8+ Rxf8 27. h4 Nf5
28. Qc5 Qe8 29. Ne6 Rf6 30. d5 c6 31. dxc6 bxc6 32. Ng5 Qe2 33. Qb6 Rf8 34.
Qxc6 Nxg3 35. fxg3 Qf2+ 36. Kh1 Qxg3 37. Qe4 Qf2 38. Qh7# 1-0

[Event "Lindores Abbey Tal Blitz 2021"]
[Site "Riga"]
[Date "2021.11.08"]
[Round "7.38"]
[White "Petrosyan, Manuel"]
[Black "Donchenko, Alexander"]
[Result "1-0"]
[WhiteElo "2599"]
[BlackElo "2645"]
[Annotator "ChessBase"]
[PlyCount "99"]
[EventDate "2021.11.02"]
[EventType "swiss"]
[EventCountry "LAT"]
[SourceTitle "playchess.com"]
[Source "ChessBase"]
[SourceQuality "1"]

1. Nf3 Nf6 2. c4 b6 3. g3 Bb7 4. Bg2 g6 5. O-O Bg7 6. Nc3 O-O 7. Re1 Ne4 8.
Nxe4 Bxe4 9. d3 Bb7 10. e4 c5 11. d4 cxd4 12. Nxd4 Nc6 13. Be3 Rc8 14. Rc1 Qc7
15. b3 Qb8 16. Qd2 Rfd8 17. Nb5 Qa8 18. Bh6 Bh8 19. Bg5 d6 20. h4 Re8 21. h5
Ne5 22. hxg6 hxg6 23. Qe2 Bg7 24. Nc3 Nc6 25. Nd5 Nd4 26. Qg4 Nc6 27. Rcd1 Ne5
28. Qh3 f6 29. Qe6+ Kf8 30. Bc1 Rc5 31. Qh3 Bc8 32. Qh7 Bg4 33. Nf4 Kf7 34.
Nxg6 Nxg6 35. Bh6 Rg8 36. e5 Bf3 37. e6+ Kf8 38. Qxg6 Bh5 39. Bxg7+ Rxg7 40.
Qxg7+ Kxg7 41. Bxa8 Bxd1 42. Rxd1 Re5 43. Kf1 a5 44. Bd5 Rh5 45. Kg2 Re5 46.
Kf3 Rf5+ 47. Ke3 Re5+ 48. Kd3 Rf5 49. f4 Rh5 50. Rh1 1-0

[Event "Lindores Abbey Tal Blitz 2021"]
[Site "Riga"]
[Date "2021.11.08"]
[Round "7.39"]
[White "Arabidze, Meri"]
[Black "Kosteniuk, Alexandra"]
[Result "1/2-1/2"]
[WhiteElo "2441"]
[BlackElo "2518"]
[Annotator "ChessBase"]
[PlyCount "53"]
[EventDate "2021.11.02"]
[EventType "swiss"]
[EventCountry "LAT"]
[SourceTitle "playchess.com"]
[Source "ChessBase"]
[SourceQuality "1"]

1. Nf3 Nf6 2. g3 b6 3. Bg2 Bb7 4. O-O e6 5. c4 Be7 6. Nc3 O-O 7. Re1 d5 8. cxd5
exd5 9. d4 Na6 10. Bf4 c5 11. Rc1 Ne4 12. Ne5 cxd4 13. Nb5 Bc5 14. Nxd4 Qe8 15.
Nef3 Nb4 16. a3 Nc6 17. b4 Be7 18. Nxc6 Bxc6 19. Nd4 Bd7 20. Qd3 Bf6 21. Red1
h6 22. h4 Qe7 23. Nc6 Qe6 24. Nd4 Qe7 25. Nc6 Qe6 26. Nd4 Qe7 27. Nc6 1/2-1/2

[Event "Lindores Abbey Tal Blitz 2021"]
[Site "Riga"]
[Date "2021.11.08"]
[Round "7.40"]
[White "Ivic, Velimir"]
[Black "Shuvalova, Polina"]
[Result "1-0"]
[WhiteElo "2620"]
[BlackElo "2515"]
[Annotator "ChessBase"]
[PlyCount "67"]
[EventDate "2021.11.02"]
[EventType "swiss"]
[EventCountry "LAT"]
[SourceTitle "playchess.com"]
[Source "ChessBase"]
[SourceQuality "1"]

1. e4 c6 2. d4 d5 3. f3 e6 4. Nc3 Nf6 5. e5 Nfd7 6. f4 c5 7. Nf3 Nc6 8. Be3 a6
9. Be2 b5 10. Qd2 Qb6 11. Nd1 cxd4 12. Nxd4 Bc5 13. c3 O-O 14. O-O a5 15. Nf2
Ba6 16. Kh1 b4 17. Bxa6 Qxa6 18. Nd3 bxc3 19. bxc3 Be7 20. Rae1 Rac8 21. f5
Ndxe5 22. Nxc6 Nxc6 23. Nf4 Ne5 24. Bd4 Nc4 25. Qf2 Bd6 26. Nh5 e5 27. Qg3 g6
28. Nf6+ Kg7 29. Qh4 h6 30. Ng4 h5 31. Qf6+ Kh7 32. Nxe5 Nxe5 33. Bxe5 Rc6 34.
Qg7# 1-0

[Event "Lindores Abbey Tal Blitz 2021"]
[Site "Riga"]
[Date "2021.11.08"]
[Round "7.41"]
[White "Kovalev, Vladislav"]
[Black "Assaubayeva, Bibisara"]
[Result "1-0"]
[WhiteElo "2634"]
[BlackElo "2400"]
[Annotator "ChessBase"]
[PlyCount "239"]
[EventDate "2021.11.02"]
[EventType "swiss"]
[EventCountry "LAT"]
[SourceTitle "playchess.com"]
[Source "ChessBase"]
[SourceQuality "1"]

1. e4 c5 2. Be2 d6 3. d3 g6 4. f4 Bg7 5. Nf3 Nc6 6. O-O f5 7. exf5 Bxf5 8. Nc3
Nf6 9. Nh4 Nd4 10. Nxf5 Nxe2+ 11. Qxe2 gxf5 12. Bd2 O-O 13. Qe6+ Kh8 14. Qxf5
Qb6 15. Rab1 c4+ 16. Kh1 Rac8 17. dxc4 Rxc4 18. Qe6 Rc7 19. Be3 Qa5 20. Bd4 Qh5
21. h3 b5 22. a3 a5 23. Bb6 Rc4 24. Bxa5 Ng8 25. Qg4 Qxg4 26. hxg4 Rcxf4 27.
Rxf4 Rxf4 28. Nxb5 Rxg4 29. Bc3 Bxc3 30. Nxc3 Nf6 31. Re1 e5 32. Rd1 Ne8 33.
Nb5 Rc4 34. Nxd6 Nxd6 35. Rxd6 Rxc2 36. Rb6 e4 37. Kg1 e3 38. Re6 Rxb2 39. Rxe3
Ra2 40. Rg3 h5 41. Kh2 Kh7 42. Kh3 Kh6 43. Rb3 Kg5 44. Rb5+ Kg6 45. Rb3 Kg5 46.
Kg3 Ra1 47. Kf3 Rf1+ 48. Ke4 Rg1 49. Rb2 Ra1 50. Rb3 Rg1 51. Kf3 Rf1+ 52. Ke2
Rg1 53. Kf2 Ra1 54. Rb5+ Kg4 55. Rb4+ Kg5 56. a4 Ra2+ 57. Kg3 Ra3+ 58. Kf2 Ra2+
59. Kf3 Ra3+ 60. Ke4 Ra2 61. Kf3 Ra3+ 62. Kf2 Ra2+ 63. Kg1 Ra1+ 64. Kh2 Ra3 65.
g3 Ra2+ 66. Kh3 Ra1 67. Rb5+ Kg6 68. Ra5 Ra2 69. Ra8 Ra1 70. Kg2 Ra2+ 71. Kf3
Ra1 72. Ra6+ Kf5 73. Ra5+ Kg6 74. Kf4 Rf1+ 75. Ke3 Rg1 76. Kf2 Ra1 77. Ra8 Kf5
78. Rf8+ Kg5 79. Rf4 Ra3 80. Rb4 Ra2+ 81. Kf3 Ra3+ 82. Kg2 Ra2+ 83. Kh3 Ra1 84.
Rb5+ Kg6 85. a5 Ra2 86. Rb6+ Kg5 87. Ra6 Kf5 88. Ra8 Kg5 89. a6 Kg6 90. Ra7 Ra3
91. Kg2 Ra2+ 92. Kf3 Ra3+ 93. Kf4 Ra4+ 94. Ke5 Ra5+ 95. Kd6 Ra1 96. Ra8 Rd1+
97. Kc5 Rc1+ 98. Kb4 Rb1+ 99. Ka3 Ra1+ 100. Kb3 Ra5 101. Kb4 Ra1 102. Kb5 Rb1+
103. Kc6 Rc1+ 104. Kb6 Rb1+ 105. Ka7 Kf5 106. Rb8 Ra1 107. Rb3 Kg4 108. Kb7 Re1
109. a7 Re7+ 110. Ka6 Re6+ 111. Ka5 Re5+ 112. Ka4 Re8 113. Rb8 Re1 114. Rb4+
Kh3 115. Rb3 Re8 116. Ka5 Re5+ 117. Rb5 Re1 118. Rxh5+ Kxg3 119. Rb5 Ra1+ 120.
Kb6 1-0

[Event "Lindores Abbey Tal Blitz 2021"]
[Site "Riga"]
[Date "2021.11.08"]
[Round "7.42"]
[White "Miezis, Normunds"]
[Black "Neiksans, Arturs"]
[Result "0-1"]
[WhiteElo "2446"]
[BlackElo "2575"]
[Annotator "ChessBase"]
[PlyCount "72"]
[EventDate "2021.11.02"]
[EventType "swiss"]
[EventCountry "LAT"]
[SourceTitle "playchess.com"]
[Source "ChessBase"]
[SourceQuality "1"]

1. c4 e5 2. g3 c6 3. d4 e4 4. d5 Nf6 5. Bg2 Bb4+ 6. Bd2 Qe7 7. Nc3 O-O 8. Nh3
cxd5 9. cxd5 d6 10. O-O Bf5 11. Nf4 Na6 12. a3 Bc5 13. e3 Nc7 14. b4 Bb6 15.
Qb3 a6 16. Rac1 Rac8 17. h3 h5 18. Qd1 g6 19. Kh2 Ba7 20. Qe2 Na8 21. Rfd1 Nb6
22. Be1 Nbd7 23. Nb1 Ne5 24. Bc3 Rfe8 25. Bd4 Rxc1 26. Rxc1 Bxd4 27. exd4 Nd3
28. Nxd3 exd3 29. Qxe7 Rxe7 30. Bf3 Be4 31. Kg2 Nxd5 32. Nd2 f5 33. Rc8+ Kg7
34. Rd8 Nf6 35. Rxd6 Rc7 36. Bxe4 Nxe4 0-1

[Event "Lindores Abbey Tal Blitz 2021"]
[Site "Riga"]
[Date "2021.11.08"]
[Round "7.43"]
[White "Dzagnidze, Nana"]
[Black "Tabatabaei, M. Amin"]
[Result "0-1"]
[WhiteElo "2524"]
[BlackElo "2639"]
[Annotator "ChessBase"]
[PlyCount "93"]
[EventDate "2021.11.02"]
[EventType "swiss"]
[EventCountry "LAT"]
[SourceTitle "playchess.com"]
[Source "ChessBase"]
[SourceQuality "1"]

1. d4 Nf6 2. c4 g6 3. g3 Bg7 4. Bg2 O-O 5. Nc3 d6 6. Nf3 c6 7. O-O Bf5 8. Nd2
e5 9. d5 c5 10. e4 Bg4 11. f3 Bc8 12. Qe2 Nbd7 13. a3 h5 14. Rf2 Bh6 15. Nf1
Bxc1 16. Rxc1 Qe7 17. Ne3 h4 18. f4 hxg3 19. hxg3 Kg7 20. f5 g5 21. Bf3 b6 22.
Rh2 Ba6 23. Kf2 Rh8 24. Rch1 Rxh2+ 25. Rxh2 Rh8 26. Rxh8 Kxh8 27. Qf1 Kg7 28.
Bd1 Nf8 29. Ba4 N8h7 30. Qh1 Bc8 31. Qd1 Ng8 32. Qh5 Ngf6 33. Qd1 a6 34. Qh1
Qf8 35. Bc6 Kg8 36. b3 Qg7 37. g4 Qf8 38. a4 Kg7 39. Qh3 Qe7 40. Qh1 Ng8 41.
Qh5 Ngf6 42. Qh1 Qc7 43. Kg3 b5 44. cxb5 Qa5 45. Qc1 axb5 46. Bxb5 Qxc3 47.
Qxc3 0-1

[Event "Lindores Abbey Tal Blitz 2021"]
[Site "Riga"]
[Date "2021.11.08"]
[Round "7.44"]
[White "Rakhmanov, Aleksandr"]
[Black "Rakotomaharo, Fy Antenaina"]
[Result "1-0"]
[WhiteElo "2650"]
[BlackElo "2487"]
[Annotator "ChessBase"]
[PlyCount "111"]
[EventDate "2021.11.02"]
[EventType "swiss"]
[EventCountry "LAT"]
[SourceTitle "playchess.com"]
[Source "ChessBase"]
[SourceQuality "1"]

1. c4 e5 2. Nf3 Nc6 3. d4 exd4 4. Nxd4 Nf6 5. Nxc6 bxc6 6. g3 Bb4+ 7. Bd2 Qe7
8. Bg2 O-O 9. O-O Bxd2 10. Qxd2 Rb8 11. Nc3 a6 12. e4 c5 13. Rfe1 d6 14. b3 Bb7
15. h3 Nd7 16. f4 Rfe8 17. Rad1 Nf8 18. e5 Bxg2 19. Kxg2 Qd7 20. Re4 Qc6 21.
Qd5 Qxd5 22. Rxd5 f5 23. Re2 Ne6 24. exd6 cxd6 25. Rxd6 Nd4 26. Rxe8+ Rxe8 27.
Kf2 a5 28. Ra6 Nc2 29. Rxa5 Ne1 30. Nd5 Nd3+ 31. Kg2 Ne1+ 32. Kf1 Nd3 33. Ra7
Re1+ 34. Kg2 h6 35. h4 Kf8 36. h5 Nc1 37. Kf2 Nd3+ 38. Kg2 Nc1 39. Ra8+ Kf7 40.
Ra7+ Kf8 41. Ra5 Re2+ 42. Kf3 Rc2 43. Rxc5 Rxa2 44. Rb5 Rc2 45. Ne3 Rc3 46.
Rxf5+ Ke8 47. Re5+ Kd7 48. Rd5+ Kc6 49. Ke4 Nxb3 50. g4 Nc5+ 51. Kf3 Ne6 52. g5
hxg5 53. fxg5 Nc5 54. h6 gxh6 55. gxh6 Rc1 56. Rh5 1-0

[Event "Lindores Abbey Tal Blitz 2021"]
[Site "Riga"]
[Date "2021.11.08"]
[Round "7.45"]
[White "Jumabayev, Rinat"]
[Black "Batsiashvili, Nino"]
[Result "1/2-1/2"]
[WhiteElo "2658"]
[BlackElo "2491"]
[Annotator "ChessBase"]
[PlyCount "67"]
[EventDate "2021.11.02"]
[EventType "swiss"]
[EventCountry "LAT"]
[SourceTitle "playchess.com"]
[Source "ChessBase"]
[SourceQuality "1"]

1. Nf3 d5 2. g3 c5 3. Bg2 Nf6 4. O-O Nc6 5. d4 e6 6. c4 Be7 7. cxd5 exd5 8.
dxc5 Bxc5 9. Qc2 Bb6 10. Rd1 h6 11. Nc3 d4 12. Na4 O-O 13. Nxb6 Qxb6 14. e3 Bg4
15. h3 Bh5 16. Qb3 Qxb3 17. axb3 dxe3 18. Bxe3 Rfd8 19. g4 Bg6 20. Nd4 Be4 21.
Bxe4 Nxe4 22. Nxc6 bxc6 23. Rxd8+ Rxd8 24. Rxa7 Rd1+ 25. Kg2 Rb1 26. Re7 Nf6
27. Bd4 Nd5 28. Re8+ Kh7 29. Rc8 Rd1 30. Be5 f6 31. Bb8 Rd3 32. Rxc6 Rxb3 33.
Bg3 Rxb2 34. Kf3 1/2-1/2

[Event "Lindores Abbey Tal Blitz 2021"]
[Site "Riga"]
[Date "2021.11.08"]
[Round "7.46"]
[White "Firat, Burak"]
[Black "Munguntuul, Batkhuyag"]
[Result "0-1"]
[WhiteElo "2480"]
[BlackElo "2433"]
[Annotator "ChessBase"]
[PlyCount "76"]
[EventDate "2021.11.02"]
[EventType "swiss"]
[EventCountry "LAT"]
[SourceTitle "playchess.com"]
[Source "ChessBase"]
[SourceQuality "1"]

1. e4 c5 2. Nf3 e6 3. d4 cxd4 4. Nxd4 Nc6 5. Nc3 Qc7 6. g3 a6 7. Bg2 Nf6 8. O-O
Bc5 9. Nb3 Ba7 10. Bg5 Ne5 11. Qe2 h5 12. Kh1 d6 13. Rae1 Bd7 14. f4 Neg4 15.
e5 dxe5 16. fxe5 Nh7 17. Bc1 Bc6 18. h3 Nf8 19. Bxc6+ Qxc6+ 20. Qf3 Qxf3+ 21.
Rxf3 Ng6 22. Bf4 Rc8 23. Kg2 Nxf4+ 24. Rxf4 Ne3+ 25. Kf3 Nc4 26. Ne4 Nxe5+ 27.
Ke2 Rxc2+ 28. Nbd2 Rxb2 29. Rc1 O-O 30. Rc7 Rxa2 31. Rxb7 Bb8 32. Rf1 Nc4 33.
Rfb1 Nxd2 34. Nxd2 Bxg3 35. Kf3 Rxd2 36. Kxg3 Rd3+ 37. Kh4 Rfd8 38. Rb8 g6 0-1

[Event "Lindores Abbey Tal Blitz 2021"]
[Site "Riga"]
[Date "2021.11.08"]
[Round "7.47"]
[White "Budisavljevic, Luka"]
[Black "Sadhwani, Raunak"]
[Result "0-1"]
[WhiteElo "2511"]
[BlackElo "2609"]
[Annotator "ChessBase"]
[PlyCount "62"]
[EventDate "2021.11.02"]
[EventType "swiss"]
[EventCountry "LAT"]
[SourceTitle "playchess.com"]
[Source "ChessBase"]
[SourceQuality "1"]

1. d4 Nf6 2. Nf3 g6 3. Bf4 Bg7 4. e3 d6 5. h3 O-O 6. Be2 Nfd7 7. O-O e5 8. Bh2
Nc6 9. c4 f5 10. Nc3 g5 11. dxe5 dxe5 12. Qd5+ Kh8 13. Rad1 g4 14. hxg4 fxg4
15. Nd2 Qe8 16. Nde4 Nb6 17. Qd2 Bf5 18. Ng3 Be6 19. Nd5 Rd8 20. Qc1 Qf7 21. b3
h5 22. Ne4 Bf5 23. Nc5 h4 24. Nxb7 Rde8 25. Nc5 Bh6 26. Qb2 Qg7 27. Nd3 g3 28.
f4 gxh2+ 29. Kxh2 Rg8 30. Bf3 e4 31. Ne5 Nxe5 0-1

[Event "Lindores Abbey Tal Blitz 2021"]
[Site "Riga"]
[Date "2021.11.08"]
[Round "7.48"]
[White "Melia, Salome"]
[Black "Ernst, Sipke"]
[Result "0-1"]
[WhiteElo "2371"]
[BlackElo "2532"]
[Annotator "ChessBase"]
[PlyCount "106"]
[EventDate "2021.11.02"]
[EventType "swiss"]
[EventCountry "LAT"]
[SourceTitle "playchess.com"]
[Source "ChessBase"]
[SourceQuality "1"]

1. e4 e5 2. Nf3 Nc6 3. Bb5 a6 4. Ba4 Nf6 5. O-O Nxe4 6. d4 b5 7. Bb3 d5 8. dxe5
Be6 9. Qe2 Be7 10. Rd1 O-O 11. c4 bxc4 12. Bxc4 Bc5 13. Be3 Bxe3 14. Qxe3 Qb8
15. Bb3 Na5 16. Nbd2 Qa7 17. Qxa7 Rxa7 18. Nxe4 Nxb3 19. axb3 dxe4 20. Nd2 Bd5
21. Re1 Rb8 22. Nxe4 Rxb3 23. Nc3 Be6 24. Re2 h6 25. f4 Kh7 26. Kf2 Rb4 27. Ke3
Kg6 28. Rd2 a5 29. g3 a4 30. Ne2 Rb3+ 31. Kf2 c5 32. Nc3 a3 33. Nb1 a2 34. Nc3
Rb4 35. Ke3 Kf5 36. h3 h5 37. Rg2 Kg6 38. g4 hxg4 39. hxg4 Bc8 40. Rh1 f5 41.
gxf5+ Kxf5 42. Ra1 Rxf4 43. b3 Ra3 44. Raxa2 Rxb3 45. Rac2 Rc4 46. Kd3 Ba6 47.
Rgf2+ Ke6 48. Kd2 Rd4+ 49. Kc1 Bd3 50. Na4 Bxc2 51. Nxc5+ Kxe5 52. Nxb3 Bxb3
53. Rg2 Rd7 0-1

[Event "Lindores Abbey Tal Blitz 2021"]
[Site "Riga"]
[Date "2021.11.08"]
[Round "7.49"]
[White "Golsta, Madara"]
[Black "Tregubov, Pavel V."]
[Result "0-1"]
[WhiteElo "2003"]
[BlackElo "2537"]
[Annotator "ChessBase"]
[PlyCount "50"]
[EventDate "2021.11.02"]
[EventType "swiss"]
[EventCountry "LAT"]
[SourceTitle "playchess.com"]
[Source "ChessBase"]
[SourceQuality "1"]

1. e4 e5 2. Nf3 Nf6 3. Nxe5 d6 4. Nf3 Nxe4 5. d4 d5 6. Bd3 Bd6 7. O-O O-O 8. c4
c6 9. Nc3 Nxc3 10. bxc3 dxc4 11. Bxc4 Bf5 12. Bg5 Qa5 13. Bd2 Nd7 14. Bb3 c5
15. Re1 Qc7 16. h3 h6 17. Nh4 Bh7 18. Bd5 Nf6 19. Bb3 Rae8 20. Qf3 Be4 21. Rxe4
Nxe4 22. Be1 Ng5 23. Qd3 Qe7 24. Nf3 Nxf3+ 25. Qxf3 Qxe1+ 0-1

[Event "Lindores Abbey Tal Blitz 2021"]
[Site "Riga"]
[Date "2021.11.08"]
[Round "7.50"]
[White "Zhu, Jiner"]
[Black "Gunina, Valentina"]
[Result "0-1"]
[WhiteElo "2455"]
[BlackElo "2480"]
[Annotator "ChessBase"]
[PlyCount "104"]
[EventDate "2021.11.02"]
[EventType "swiss"]
[EventCountry "LAT"]
[SourceTitle "playchess.com"]
[Source "ChessBase"]
[SourceQuality "1"]

1. e4 c6 2. d4 d5 3. e5 c5 4. dxc5 e6 5. Bd3 Nd7 6. Nf3 Nxc5 7. O-O Nxd3 8.
Qxd3 Ne7 9. Nd4 Nc6 10. f4 Qb6 11. c3 Bc5 12. Rd1 Bd7 13. Kh1 O-O 14. Nxc6 Bxc6
15. b4 Be7 16. Be3 Qc7 17. Nd2 a6 18. a4 Qd7 19. a5 Rac8 20. Nf3 Bb5 21. Qd2
Qc7 22. Bd4 Qc4 23. Re1 Rc6 24. Re3 Rfc8 25. Rb1 Bf8 26. g4 g6 27. h4 R6c7 28.
Kg2 Bd7 29. Kg3 Qb5 30. Rh1 Qa4 31. h5 Be8 32. Ng5 h6 33. Nf3 gxh5 34. Rxh5 f5
35. Rh1 fxg4 36. Nh4 Rf7 37. Qd3 Qd7 38. f5 Rxf5 39. Nxf5 exf5 40. e6 Qh7 41.
Kg2 Be7 42. Be5 d4 43. cxd4 Bb5 44. Qd1 f4 45. Qxg4+ Bg5 46. Rf3 Bc6 47. e7
Bxf3+ 48. Kxf3 Rc3+ 49. Kf2 Rc2+ 50. Ke1 Qxe7 51. Qf5 Qxb4+ 52. Kd1 Qb1# 0-1

[Event "Lindores Abbey Tal Blitz 2021"]
[Site "Riga"]
[Date "2021.11.08"]
[Round "7.51"]
[White "Divya Deshmukh"]
[Black "Harika, Dronavalli"]
[Result "1/2-1/2"]
[WhiteElo "2310"]
[BlackElo "2511"]
[Annotator "ChessBase"]
[PlyCount "81"]
[EventDate "2021.11.02"]
[EventType "swiss"]
[EventCountry "LAT"]
[SourceTitle "playchess.com"]
[Source "ChessBase"]
[SourceQuality "1"]

1. d4 d5 2. c4 e6 3. Nc3 c6 4. Nf3 Nf6 5. g3 Nbd7 6. Bg2 dxc4 7. a4 Be7 8. Nd2
e5 9. Nxc4 exd4 10. Qxd4 O-O 11. O-O Nb6 12. Qxd8 Rxd8 13. Ne5 a5 14. Be3 Nbd5
15. Nxd5 Nxd5 16. Bd4 Be6 17. Rfd1 Nb4 18. Bb6 Rxd1+ 19. Rxd1 Bf6 20. Nd7 Bxb2
21. Nc5 Nd5 22. Bxd5 Bxd5 23. e4 Bc4 24. Nxb7 h5 25. Nxa5 Be6 26. Nxc6 Rxa4 27.
Bd4 Ba3 28. Ra1 Rc4 29. Rxa3 Rxc6 30. Kg2 Kh7 31. Be3 Rc4 32. f3 Rc2+ 33. Bf2
g5 34. Ra5 Kg6 35. h4 g4 36. Rg5+ Kh6 37. f4 Bc4 38. Rc5 Bd3 39. Rxc2 Bxe4+ 40.
Kg1 Bxc2 41. Kf1 1/2-1/2

[Event "Lindores Abbey Tal Blitz 2021"]
[Site "Riga"]
[Date "2021.11.08"]
[Round "7.52"]
[White "Cori T., Deysi"]
[Black "Garifullina, Leya"]
[Result "1-0"]
[WhiteElo "2396"]
[BlackElo "2416"]
[Annotator "NA"]
[PlyCount "55"]
[EventDate "2021.11.02"]
[EventType "swiss"]
[EventCountry "LAT"]
[SourceTitle "playchess.com"]
[Source "ChessBase"]
[SourceQuality "1"]

1. d4 Nf6 2. Nf3 d5 3. c4 e6 4. e3 Be7 5. Nbd2 O-O 6. Be2 b6 7. O-O Bb7 8. b3
Nbd7 9. Bb2 c5 10. cxd5 Nxd5 11. Rc1 Rc8 12. Nc4 cxd4 13. Nxd4 Nc5 14. Bf3 Ba6
15. Qd2 Nf6 16. Rfd1 Qc7 17. b4 Nce4 18. Qc2 Bxc4 19. Bxe4 b5 20. Nxb5 Qb6 21.
Bxf6 Bxb5 22. Qxc8 Rxc8 23. Rxc8+ Bf8 24. Be7 g5 25. Bxf8 Qa6 26. Rdd8 f5 27.
Bc5+ Kf7 28. Bf3 1-0

[Event "Lindores Abbey Tal Blitz 2021"]
[Site "Riga"]
[Date "2021.11.08"]
[Round "7.53"]
[White "Arakhamia-Grant, Ketevan"]
[Black "Saduakassova, Dinara"]
[Result "0-1"]
[WhiteElo "2362"]
[BlackElo "2491"]
[Annotator "ChessBase"]
[PlyCount "76"]
[EventDate "2021.11.02"]
[EventType "swiss"]
[EventCountry "LAT"]
[SourceTitle "playchess.com"]
[Source "ChessBase"]
[SourceQuality "1"]

1. e4 e5 2. Nf3 Nc6 3. Bb5 a6 4. Ba4 Nf6 5. O-O Nxe4 6. d4 b5 7. Bb3 d5 8. dxe5
Be6 9. Nbd2 Nc5 10. c3 Be7 11. Bc2 d4 12. cxd4 Nxd4 13. Nxd4 Qxd4 14. Nf3 Qxd1
15. Rxd1 O-O 16. h3 h6 17. Be3 Rfd8 18. Nd4 Bf8 19. Nc6 Rxd1+ 20. Rxd1 a5 21.
a3 Ra6 22. Nd4 b4 23. axb4 axb4 24. f4 b3 25. Bb1 g6 26. g4 Ra1 27. Kf2 Bd5 28.
Ne2 Be4 29. Nc3 Bxb1 30. Nxb1 Ra2 31. Bd4 Na4 32. Rd2 c5 33. Bc3 c4 34. Ke2 Ra1
35. Rd1 Ra2 36. Bd4 Nxb2 37. Rd2 Nd3 38. Nc3 Nxf4+ 0-1

[Event "Lindores Abbey Tal Blitz 2021"]
[Site "Riga"]
[Date "2021.11.08"]
[Round "7.54"]
[White "Sukandar, Irine Kharisma"]
[Black "Buksa, Nataliya"]
[Result "1/2-1/2"]
[WhiteElo "2406"]
[BlackElo "2410"]
[Annotator "NA"]
[PlyCount "91"]
[EventDate "2021.11.02"]
[EventType "swiss"]
[EventCountry "LAT"]
[SourceTitle "playchess.com"]
[Source "ChessBase"]
[SourceQuality "1"]

1. d4 d5 2. Bf4 Nf6 3. e3 e6 4. Nd2 Bd6 5. Ngf3 c5 6. dxc5 Bxf4 7. exf4 Qc7 8.
g3 Qxc5 9. Bd3 O-O 10. O-O Nc6 11. a3 b6 12. Qe2 Bb7 13. Nb3 Qd6 14. Nbd4 Rac8
15. Rfe1 Nd7 16. Nxc6 Bxc6 17. c3 h6 18. Rad1 Ba4 19. Rd2 Nc5 20. Bb1 Nb3 21.
Qd3 g6 22. Rde2 Nc5 23. Qd4 Bb5 24. Re3 a5 25. Ne5 Nd7 26. Ng4 h5 27. Nf6+ Nxf6
28. Qxf6 Qd8 29. Rxe6 Qxf6 30. Rxf6 Rfe8 31. Rd1 Ba4 32. Rc1 b5 33. Rd6 Re2 34.
b4 axb4 35. axb4 Rce8 36. Bd3 Rd2 37. Rxd5 Bb3 38. Bxb5 Rxd5 39. Bxe8 Bc4 40.
Bc6 Rd2 41. Bf3 Kf8 42. Re1 Rc2 43. Bc6 Rxc3 44. Rb1 Bd3 45. Rd1 Be2 46. Re1
1/2-1/2

[Event "Lindores Abbey Tal Blitz 2021"]
[Site "Riga"]
[Date "2021.11.08"]
[Round "7.55"]
[White "Badelka, Olga"]
[Black "Girya, Olga"]
[Result "0-1"]
[WhiteElo "2438"]
[BlackElo "2402"]
[Annotator "NA"]
[PlyCount "112"]
[EventDate "2021.11.02"]
[EventType "swiss"]
[EventCountry "LAT"]
[SourceTitle "playchess.com"]
[Source "ChessBase"]
[SourceQuality "1"]

1. Nf3 Nf6 2. g3 e6 3. Bg2 d5 4. O-O Be7 5. b3 O-O 6. Bb2 b6 7. c4 Bb7 8. e3 c5
9. Nc3 dxc4 10. bxc4 Ne4 11. Qc2 Nxc3 12. Bxc3 Nc6 13. Rfd1 Bf6 14. a4 Bxc3 15.
Qxc3 Qe7 16. Ne5 Nxe5 17. Qxe5 Bxg2 18. Kxg2 Rad8 19. a5 Qb7+ 20. Kg1 Rd3 21.
axb6 axb6 22. Qb2 Rfd8 23. Rab1 R8d6 24. Qb5 Qc8 25. Rb2 h5 26. h4 Qa8 27. Rdb1
Kh7 28. Rd1 g6 29. Rdb1 e5 30. Rd1 Qf3 31. Rf1 Qa8 32. Rfb1 Kg7 33. Rd1 Rf6 34.
Rf1 Qd8 35. Rd1 Qd6 36. Qe8 Qc7 37. Rdb1 Rd8 38. Qa4 Rfd6 39. Qa2 Qb7 40. Qa3
Qe4 41. Qc3 Rd3 42. Qc1 R3d6 43. Qc3 Kh7 44. Rd1 Rf6 45. Rf1 Rd3 46. Qc1 Qc6
47. Qc2 e4 48. Rfb1 Qd7 49. Rxb6 Rxf2 50. Rd1 Rdxd2 51. Rxd2 Rxd2 52. Qxe4 Rd1+
53. Kh2 Qd2+ 54. Qg2 Qxe3 55. Rf6 Rd2 56. Rxf7+ Kg8 0-1

[Event "Lindores Abbey Tal Blitz 2021"]
[Site "Riga"]
[Date "2021.11.08"]
[Round "7.56"]
[White "Zawadzka, Jolanta"]
[Black "Lujan, Carolina"]
[Result "1/2-1/2"]
[WhiteElo "2429"]
[BlackElo "2340"]
[Annotator "NA"]
[PlyCount "157"]
[EventDate "2021.11.02"]
[EventType "swiss"]
[EventCountry "LAT"]
[SourceTitle "playchess.com"]
[Source "ChessBase"]
[SourceQuality "1"]

1. e4 c5 2. Nf3 Nc6 3. d4 cxd4 4. Nxd4 e5 5. Nb5 d6 6. c4 Be7 7. Be2 a6 8. N5c3
Nf6 9. Be3 O-O 10. O-O Be6 11. Na3 Nd7 12. Nc2 Rc8 13. Qd2 h6 14. b3 Nc5 15.
Rad1 Qe8 16. Nd5 Bxd5 17. Qxd5 Ne6 18. Bg4 Ncd8 19. Bc1 b5 20. Ne3 Rc5 21. Qd2
Bg5 22. Qxd6 Nb7 23. Qb6 Qb8 24. Bxe6 fxe6 25. Rd7 Rf7 26. Rxb7 Rxb7 27. Qxc5
Bf4 28. Qc6 Re7 29. Qxa6 b4 30. g3 Bg5 31. Rd1 Qf8 32. Qd6 Qf3 33. Nf1 Rf7 34.
Qd3 Qxd3 35. Rxd3 Bxc1 36. Kg2 Ra7 37. Rd1 Bb2 38. Ne3 Rxa2 39. Rd8+ Kh7 40.
Kf3 Bd4 41. Rd6 Rb2 42. Rxe6 Rxb3 43. Re7 Rc3 44. Ke2 Bxe3 45. fxe3 Rxc4 46.
Rxe5 b3 47. Rb5 Rc2+ 48. Kf3 b2 49. e5 Kg6 50. Ke4 Kf7 51. h4 h5 52. Rb7+ Ke6
53. Rb6+ Kf7 54. Kf5 g6+ 55. Kg5 Rg2 56. Rb7+ Ke6 57. Kxg6 Rxg3+ 58. Kxh5 Rg2
59. Rb5 Re2 60. Kg4 Rxe3 61. Rxb2 Rxe5 62. Rf2 Ke7 63. h5 Re1 64. Kg5 Rg1+ 65.
Kh6 Rg3 66. Kh7 Rg4 67. h6 Rg1 68. Rf3 Rg2 69. Kh8 Rg1 70. h7 Rg2 71. Ra3 Kf7
72. Ra7+ Kf8 73. Ra8+ Kf7 74. Ra7+ Kf8 75. Ra4 Kf7 76. Rf4+ Ke7 77. Rf5 Ke8 78.
Ra5 Kf7 79. Ra7+ 1/2-1/2

[Event "Lindores Abbey Tal Blitz 2021"]
[Site "Riga"]
[Date "2021.11.08"]
[Round "7.57"]
[White "Maltsevskaya, Aleksandra"]
[Black "Rogule, Laura"]
[Result "0-1"]
[WhiteElo "2411"]
[BlackElo "2289"]
[Annotator "NA"]
[PlyCount "74"]
[EventDate "2021.11.02"]
[EventType "swiss"]
[EventCountry "LAT"]
[SourceTitle "playchess.com"]
[Source "ChessBase"]
[SourceQuality "1"]

1. e4 c5 2. Nf3 Nc6 3. d4 cxd4 4. Nxd4 Nf6 5. Nc3 d6 6. Bg5 e6 7. Qd2 a6 8.
O-O-O Bd7 9. f3 b5 10. Kb1 Nxd4 11. Qxd4 Bc6 12. e5 dxe5 13. Qxe5 Nd7 14. Qf4
f6 15. Qg4 Kf7 16. Bf4 Qb6 17. Bd3 g6 18. Rhe1 Re8 19. Ne4 Bd5 20. Be3 Qa5 21.
Nc3 Ne5 22. Qd4 Bc4 23. f4 Nxd3 24. cxd3 b4 25. dxc4 bxc3 26. Qxc3 Bb4 27. Rd7+
Re7 28. Rxe7+ Kxe7 29. Qd4 Rd8 30. Qa7+ Rd7 31. Qb8 Bxe1 32. Qc8 Qf5+ 33. Kc1
Bb4 34. a3 Bd6 35. c5 Bxf4 36. Bxf4 Qxf4+ 37. Kb1 Qf1+ 0-1